000 00770nam a2200241Ia 4500
003 OSt
005 20220926021507.0
006 a|||||r|||| 00| 0
007 ta
008 220923b |||||||| |||| 00| 0 eng d
037 _cGeneral Book
040 _aRTL
_cRTL
_beng
041 _2eng
_aeng
082 _aX:77ogF.1.N7, L1/UN
110 _aUnited Nations, Economic and social affiars (Deptt. 0f-
_9326255
245 0 _aWorld Plan of action for the apolication of scienc
260 _aNew York
_bUN USA
_c1971
300 _aViii, 206p.
_ccm.
650 _aEconomics Development
700 _aUnited Nations, Economic and social affiars (Deptt. 0f-
_9326256
942 _hX:77ogF.1.N7, L1/UN
_cGB
_2CC
999 _c636914
_d636914